[Event "Athens Smaok-ch"]
[Site "Greece"]
[Date "2012.09.30"]
[Round "3.15"]
[White "Kazantzoglou, Aristotelis"]
[Black "Ermidis, Filippos"]
[Result "0-1"]
[WhiteElo "1266"]
[BlackElo "1522"]
[PlyCount "103"]
[EventDate "2012.09.16"]
[EventType "swiss"]
[EventRounds "7"]
[EventCountry "GRE"]
[SourceTitle "EXT 2024"]
[Source "ChessBase"]
[SourceDate "2023.10.10"]
[SourceVersion "1"]
[SourceVersionDate "2023.10.10"]
[SourceQuality "1"]

1. e4 c5 2. Bc4 a6 3. Nf3 Nc6 4. 0-0 d6 5. Re1 Nf6 6. Ng5 Ne5 7. Qe2 h6 8. Nf3 Nxc4 9. Qxc4 Be6 10. Qc3 g6 11. e5 Nd5 12. Qe3 Bg7 13. Nc3 Nb4 14. Qe4 d5 15. Qe2 Nxc2 16. Qd3 Nxe1 17. Nxe1 0-0 18. Qg3 Qc7 19. Nf3 Rfd8 20. h4 Bf5 21. Qf4 f6 22. Qg3 fxe5 23. d4 cxd4 24. Nxd4 e6 25. Nxf5 exf5 26. Qxg6 Qf7 27. Qg3 Kh7 28. Qf3 d4 29. Nd1 e4 30. Qf4 Rac8 31. Qd2 d3 32. Ne3 f4 33. Nf1 Rc2 34. Qxf4 Qxf4 35. Bxf4 Rxb2 36. Be3 Rxf2 37. Rb1 Rf7 38. Ng3 Bd4 39. Bxd4 Rxd4 40. Nf1 Rc7 41. h5 d2 42. Rd1 Rc1 43. Ne3 Rd3 44. Kf2 Rxe3 45. Rxd2 Rd3 46. Re2 e3+ 47. Kg3 Rcc3 48. Kh2 Rd2 49. Re1 e2 50. Kg1 Rd1 51. Kf2 Rxe1 52. Kxe1 0-1